Normal view MARC view
  • Plumb, J. H.

Entry Personal Name

Number of records used in: 1

001 - CONTROL NUMBER

  • control field: 153710

003 - CONTROL NUMBER IDENTIFIER

  • control field: DLC

005 - DATE AND TIME OF LATEST TRANSACTION

  • control field: 20260416111235.0

008 - FIXED-LENGTH DATA ELEMENTS

  • fixed length control field: 781120n| azannaabn |a aaa

010 ## - LIBRARY OF CONGRESS CONTROL NUMBER

  • LC control number: n 78086278

035 ## - SYSTEM CONTROL NUMBER

  • System control number: (OCoLC)oca00221488

040 ## - CATALOGING SOURCE

  • Original cataloging agency: DLC
  • Language of cataloging: eng
  • Description conventions: rda
  • Transcribing agency: DLC
  • Modifying agency: DLC
  • Modifying agency: TNJ
  • Modifying agency: SdMadT
  • Modifying agency: DLC

046 ## - SPECIAL CODED DATES

  • Birth date: 1911
  • Death date: 2001

100 1# - HEADING--PERSONAL NAME

  • Personal name: Plumb, J. H.
  • Fuller form of name: (John Harold),
  • Dates associated with a name: 1911-2001

378 ## - FULLER FORM OF PERSONAL NAME

  • Fuller form of personal name: John Harold

400 1# - SEE FROM TRACING--PERSONAL NAME

  • Control subfield: nna
  • Personal name: Plumb, John Harold,
  • Dates associated with a name: 1911-2001

670 ## - SOURCE DATA FOUND

  • Source citation: His Chatham, 1953.

670 ## - SOURCE DATA FOUND

  • Source citation: New York Times, Oct. 23, 2001
  • Information found: (Sir John Plumb, 90, prolific British historian of the 18th century who trained a whole school of distinguished historians, d. Sunday, Oct. 21 in Cambridge, England; b. Aug. 20, 1911 in Leicester; knighted in 1982)

670 ## - SOURCE DATA FOUND

  • Source citation: Information from 678 converted Dec. 8, 2014
  • Information found: (Dr.; Fellow of Christ's College, Cambridge)
Devinim Yazılım Eğitim Danışmanlık tarafından Koha'nın orjinal sürümü uyarlanarak geliştirilip kurulmuştur.